00515 a2200181 450000100060000002000150000604000240002110000190004524000400006424500350010430000080013936200090014744000180015665000310017494200070020595201040021299900170031670485 a8506042852 cAnchieta - Itaigara aMcGinty, Frank10aSucesso! eu vou chegar lá...lpor10aSucesso! eu vou chegar lá... a1280 a2004 1aMelhoramentos 4aLiteratura infanto-juvenil cBK 00104070a88.1b88.1d2023-11-21l0o028.5 MCG SUCp3942/ITAr2023-11-21 20:05:31w2023-11-21yBK c70485d70485